| 000 | 00911cam a22002651 4500 | ||
|---|---|---|---|
| 001 | 6611885 | ||
| 003 | NUST - PNEC | ||
| 005 | 20170116181058.0 | ||
| 008 | 750306s1966 ru a 000 0 eng | ||
| 010 | _a 67091955 | ||
| 035 | _a(OCoLC)1202547 | ||
| 040 |
_aDLC _cLIBRARY _dOCoLC _dDLC |
||
| 041 | 1 |
_aeng _hrus |
|
| 042 | _apremarc | ||
| 050 | 0 | 0 |
_aVM145 _b.B3313 |
| 082 | _a623.81 BAR | ||
| 100 | 1 |
_aBarabanov, N. V. _q(Nikolaĭ Vasilʹevich) |
|
| 245 | 1 | 0 |
_aStructural design of sea-going ships _c[by] N. Barabanov. Translated from the Russian by Oleg Sapunov. Translation editor: Boris Kuzhetsov. |
| 260 |
_aMoscow, _bPeace Publishers _c[1963] |
||
| 300 |
_a463 p. _billus. _c22 cm. |
||
| 500 | _aTranslation of: Konstrukts︠iia︡ korpusa morskikh sudov (romanized form) | ||
| 650 |
_aMechanical engineering _912162 _xME |
||
| 906 |
_a7 _bcbc _coclcrpl _du _encip _f19 _gy-gencatlg |
||
| 942 |
_2ddc _cBK |
||
| 999 |
_c68627 _d68627 |
||